000 00581cam a22002053a 4500
001 33798
003 PGUSA
005 20140828083730.0
008 100922s2010||||xxu|||||s|||||000 | eng d
040 _aPGUSA
_beng
042 _adc
100 1 _aMacKenzie, Compton,
_d1883-1972
245 1 0 _aSinister Street, vol. 2
_h[electronic resource] /
_cCompton MacKenzie
260 _bProject Gutenberg,
_c2010
506 _aPublic domain in the USA.
516 _aElectronic text
830 0 _aProject Gutenberg
_v33798
856 4 0 _uhttp://www.gutenberg.org/ebooks/33798
942 _cEB
999 _c263053
_d263053